000 01329nam a22003737a 4500
001 0007518
003 KOHA_MİRAKIL
005 20260207001600.0
007 ta
008 090929b2009 tu |||gr||||#||||0|tur |
020 _a9789758362981
_c0,01
040 _aTR-BiSEU
_btur
_cTR-BiSEU
_erda
041 0 _atur
044 _ctu
050 _aLA2383
_b.T47 2009
100 1 _aTerzioğlu, Tosun.
245 1 _aDünyaya çoklu bakmak :
_bkonuşmalar söyleşiler yazılar/
_cTosun Terzioğlu ; Tosun Terzioğlu; editör Asuman Akyüz.
264 1 _aİstanbul :
_bSabancı Üniversitesi
_c2009
300 _aIX , 661 sayfa; 25 cm
336 _ametin
_btxt
_2rdacontent
337 _aaracısız
_bn
_2rdamedia
338 _acilt
_bnc
_2rdacarrier
650 0 _aMathematicians--Biography.
_918678
650 0 _aEducation--Turkey--History.
_913361
650 0 _aEducators--Biography.--Turkey.
_918679
650 0 _aEducators--Turkey--Biography.
_913918
650 0 _aIntellectuals--Turkey--Biography .
_918680
650 0 _aCollege administrators--Turkey--Biography.
_918681
650 0 _aEducation, Higher--Turkey.
_918682
650 0 _aIntellectuals--Biography.--Turkey.
_918683
650 0 _aCollege administrators--Biography.--Turkey.
_918684
650 0 _aEducation--History.--Turkey.
_918685
942 _2lcc
_cBK
999 _c7495
_d7495